| Поле | Инд. | ПП | Название | Значение |
|---|---|---|---|---|
| Тип записи | m | |||
| Библиографический уровень | m | |||
| 001 | Контрольный номер | 9f5f0fffdcdb4ee7993a0b677f29c1b5 | ||
| 005 | Дата корректировки | 20221107101149.1 | ||
| 008 | Кодируемые данные | 211201|||||||||ru |||||||||||||||||rus|| | ||
| 040 | b | Код языка каталог. | rus | |
| e | Правила каталог. | PSBO | ||
| 041 | 0_ | a | Код языка текста | rus |
| 084 | a | Индекс другой классификации/Индекс ББК | 65.35-05+65.9(2Рос-4Мур)+65.051 | |
| 090 | x | Авторский знак | Р 93 | |
| 203 | a | Вид содержания | Текст | |
| c | Тип средства | электронный | ||
| 245 | 10 | a | Заглавие | Рыбохозяйственная деятельность в Мурманской области |
| b | Продолж. заглавия | статистический сборник : [код работы – 031411002] | ||
| c | Ответственность | Федеральная служба государственной статистики, Территориальный орган Федеральной службы государственной статистики по Мурманской области (Мурманскстат) ; редакционная коллегия : В. Н. Морозов, О. В. Гладышева, Н. Г. Джунько и др. | ||
| h | Физич. носитель | Электронный ресурс | ||
| 260 | a | Место издания | Мурманск | |
| b | Издательство | Мурманскстат | ||
| c | Дата издания | 2021 | ||
| 300 | a | Объем | 53 с. | |
| 500 | a | Примечание | Электрон. текстовые дан. (1 файл : 1,79 Мб) | |
| 500 | a | Примечание | URL: https://elib.mauniver.ru/stat/2021/StatSB_21_17.pdf | |
| 500 | a | Примечание | Доступ из локальной сети Мурман. гос. техн. ун-та. - Загл. с титул. экрана | |
| 520 | 0_ | a | Аннотация | В сборнике содержится официальная статистическая информация за 2018–2020 годы по основным показателям, характеризующим рыбохозяйственную деятельность в области: число действовавших организаций, оборот, объём отгруженной продукции собственного производства, производство рыбной продукции в натурально-вещественном исчислении, индексы производства, загрузка производственных мощностей организаций, численность и заработная плата работников, производственный травматизм в организациях. Содержатся сведения о розничной и оптовой торговле, структуре экспорта и импорта рыбы и ракообразных, моллюсков и других водных беспозвоночных, географическом распределении ввоза и вывоза рыбопродукции на территории Российской Федерации, индексах потребительских цен и индексах цен производителей на рыбопродукцию, а также основных фондах коммерческих организаций, инвестициях, результатах финансовой деятельности. Кроме того, публикуются данные выборочного обследования домашних хозяйств в части стоимости и потребления рыбопродуктов. По некоторым показателям приводятся данные по России в целом, её Арктической зоне, регионам Северо-Западного и Дальневосточного федеральных округов. Приводится перечень организаций, осуществлявших выпуск в Мурманской области рыбы переработанной и консервированной, ракообразных и моллюсков (ранжированный по убыванию объёмов в натуральновещественном исчислении без приведения абсолютных данных) |
| 583 | x | Служебное примечание | Полнотекстовые документы | |
| x | Служебное примечание | Краеведческий каталог | ||
| 583 | 1_ | x | Служебное примечание | Статистические сборники |
| 650 | 04 | a | Основная рубрика | Статистические сборники-Мурманская область |
| 651 | _4 | a | Географическое наименование | Мурманская область |
| 653 | 0_ | a | Ключевые слова | Краеведение |
| a | Ключевые слова | Рыбохозяйственная деятельность | ||
| a | Ключевые слова | Рыбное хозяйство Мурманской области | ||
| a | Ключевые слова | Сборники статистические | ||
| a | Ключевые слова | Статистика региональная | ||
| a | Ключевые слова | Статистические данные 2018-2020 гг. | ||
| a | Ключевые слова | Статистические материалы | ||
| a | Ключевые слова | Статистические сборники | ||
| a | Ключевые слова | Электронные версии | ||
| a | Ключевые слова | Экономика Мурманской области | ||
| 856 | 40 | u | URL | https://elib.mauniver.ru/stat/2021/StatSB_21_17.pdf |
| 901 | t | Тип документа | m |